American Revolution Decoder - Statistics

General Stats
  • This quiz has been taken 20,982 times
  • The average score is 21 of 33
Answer Stats
Hint Answer % Correct
W First President Washington
99%
E Country that was revolted against England
96%
E All men are created _____ Equal
93%
T Product thrown in Boston Harbor Tea
91%
D Give me liberty, or give me _____ Death
88%
H Life, liberty, and the pursuit of this Happiness
86%
E Don't fire until you see the whites of their ____ Eyes
85%
F America's most important ally France
85%
R Slang for a British soldier Redcoat
79%
T No ________ without representation Taxation
79%
H He had a spectacular signature Hancock
76%
B Battle of ______ Hill Bunker
74%
D River crossed by Washington Delaware
73%
L Battles of _________ and Concord Lexington
71%
T Snake's words: Don't ____ on me Tread
70%
V ______ Forge Valley
70%
E First Lord of the Admiralty: ____ of Sandwich Earl
68%
U Endowed by their creator with certain ___________ rights Unalienable
68%
I Philadelphia meeting place: ____________ Hall Independence
64%
O ____ if by land One
59%
S ______ Adams Samuel
58%
H Germany mercenaries Hessians
50%
T New Jersey battle site Trenton
49%
E Green Mountain Boy: _____ Allen Ethan
48%
N When in the Course of human events, it becomes __________ Necessary
48%
S These are the times that try men's _____ Souls
48%
L Term for an American who supported the British Loyalist
46%
Quote We hold these truths to be self-evident
43%
S New York battle site; turning point of the war Saratoga
42%
T Fort on Lake Champlain Ticonderoga
35%
E Nathan Hale's crime Espionage
32%
E Parliamentarian ______ Burke Edmund
26%
O Native American tribe that supported the rebels Oneida
13%
No matching quizzes found
Score Distribution
Percent of People with Each Score
Percentile by Number Answered
Your Score History
You have not taken this quiz